Hồ Chí Minh toàn tập T.1 1919 - 1924

Tập hợp những tác phẩm, bài nói, bài viết quan trọng của Chủ tịch Hồ Chí Minh từ năm 1919 đến năm 1924, phản ánh sự chuyển biến trong tư tưởng của người từ chủ nghĩa yêu nước đến chủ nghĩa xã hội khoa học...

Tallennettuna:
Bibliografiset tiedot
Päätekijä: Hồ Chí Minh
Aineistotyyppi: Kirja
Kieli:Vietnamese
Julkaistu: H. Chính trị Quốc gia 1995
Painos:Tái bản lần thứ 2
Aiheet:
Tagit: Lisää tagi
Ei tageja, Lisää ensimmäinen tagi!
Thư viện lưu trữ: Mạng thư viện Đại học Đà Nẵng
LEADER 01854aam a22004098a 4500
001 000007435
003 3597
005 20111102131116.0
008 111003s1995 viesd
020 |d 1500b 
041 0 |a vie 
082 1 4 |2 14  |a 335.501  |b HÔ-M 
100 1 |a Hồ Chí Minh 
245 1 0 |a Hồ Chí Minh toàn tập  |c Hồ Chí Minh  |n T.1  |p 1919 - 1924 
250 |a Tái bản lần thứ 2 
260 |a H.  |b Chính trị Quốc gia  |c 1995 
300 |a 535tr  |b ảnh  |c 22cm 
504 |a Phụ lục: tr. 431-528 
520 |a Tập hợp những tác phẩm, bài nói, bài viết quan trọng của Chủ tịch Hồ Chí Minh từ năm 1919 đến năm 1924, phản ánh sự chuyển biến trong tư tưởng của người từ chủ nghĩa yêu nước đến chủ nghĩa xã hội khoa học... 
600 1 7 |2 Bộ TK TVQG  |a Hồ Chí Minh  |c Chính trị gia, lãnh tụ cách mạng  |y 1890-1969  |z Việt Nam 
650 7 |2 Bộ TK TVQG  |a Tư tưởng Hồ Chí Minh 
650 7 |2 Bộ TK TVQG  |a Chủ nghĩa yêu nước 
650 7 |2 Bộ TK TVQG  |a Chủ nghĩa xã hội 
651 7 |2 Bộ TK TVQG  |a Việt Nam 
773 |a Hồ Chí Minh  |b Tái bản lần thứ 3  |d H.  |d 2009  |d Chính trị Quốc gia  |t Hồ Chí Minh toàn tập  |w 418731 
773 |d H.  |d Chính trị Quốc gia  |t Hồ Chí Minh toàn tập  |w 3600 
910 |a Nguyễn Thị Kim Oanh  |d 03/10/2011 
OWN |a LSP 
AVA |a UDN50  |b LSP  |d 335.501 HÔ-M  |e available  |t Error 5001 Not defined in file expand_doc_bib_avail.  |f 8  |g 1  |h N  |i 0  |k 1 
999 |a From the UDN01 
AVA |a UDN50  |b LSP  |d 335.501 HÔ-M  |e available  |t Error 5001 Not defined in file expand_doc_bib_avail.  |f 8  |g 1  |h N  |i 0  |k 1 
TYP |a Monograph 
TYP |a Printed language 
980 |a Mạng thư viện Đại học Đà Nẵng